Využitie imobilizovanej beta-galaktozidázy na produkciu glykozidov
Gespeichert in:
| 1. Verfasser: | |
|---|---|
| Weitere Verfasser: | |
| Format: | Manuskript Buch |
| Sprache: | Slowakisch |
| Veröffentlicht: |
2017
|
| Schlagworte: | |
| Online-Zugang: | http://is.stuba.sk/zp/portal_zp.pl?podrobnosti=128461 |
| Tags: |
Keine Tags, Fügen Sie das erste Tag hinzu!
|
MARC
| LEADER | 00000ntm a22000003a 4500 | ||
|---|---|---|---|
| 001 | stuzp64777 | ||
| 003 | SK-STU | ||
| 005 | 20170610211246.8 | ||
| 007 | ta | ||
| 008 | 150427s2015----xo-----f-mn---000-0-slo-d | ||
| 040 | |a STU |b slo | ||
| 041 | 0 | |a slo | |
| 100 | 1 | |a Čiašová, Martina |u 046000 |k Z4 |4 aut |U FCHPT Fakulta chemickej a potravinárskej technológie |T FCHPT Ústav chemického a environmentálneho inžinierstva |X 43108 |U C6000 |Y 104 |7 43108 | |
| 242 | 0 | 1 | |a Use of immobilized β-galactosidase to produce glycosides |y eng |
| 245 | 1 | 0 | |a Využitie imobilizovanej beta-galaktozidázy na produkciu glykozidov |
| 260 | |c 2017 | ||
| 650 | 4 | |a tyrozol β-D-galaktozid |2 slo | |
| 650 | 4 | |a tyrozol |2 slo | |
| 650 | 4 | |a imobilizácia |2 slo | |
| 650 | 4 | |a β-galaktozidáza |2 slo | |
| 650 | 4 | |a glutaraldehyd |2 slo | |
| 650 | 4 | |a laktóza |2 slo | |
| 650 | 4 | |a galaktooligosacharidy |2 slo | |
| 650 | 4 | |a tyrosol |2 eng | |
| 650 | 4 | |a mmobilization |2 eng | |
| 650 | 4 | |a β-galactosidase |2 eng | |
| 650 | 4 | |a tyrosol β-D-galactoside |2 eng | |
| 650 | 4 | |a glutaraldehyde |2 eng | |
| 650 | 4 | |a lactose |2 eng | |
| 650 | 4 | |a galactooligosaccharides |2 eng | |
| 700 | 1 | |a Polakovič, Milan |u 046000 |k Z1 |4 ths |U FCHPT Fakulta chemickej a potravinárskej technológie |T FCHPT Ústav chemického a environmentálneho inžinierstva |X 3882 |U C6000 |Y 104 |7 A000003882 | |
| 856 | 4 | |u http://is.stuba.sk/zp/portal_zp.pl?podrobnosti=128461 | |